01649nam a2200289 a 450000100100000000500170001000800410002704000250006808200260009324500720011925000120019126000660020330000210026949000230029059000260031365000550033965000570039470000360045183000290048791000370051695201380055395201290069195202040082095201890102495201290121399900170134200003782720201002031125.0130306s1984 dr 000 0 spa d aDO-SdBNPbspacBNPHU aRD861.08bA634p, 198400aAntología de la poesía dominicana 1844-1944 /cVicente Llorens. a2a. ed. aSanto Domingo :bSociedad Dominicana de Bibliófilos,c1984. a348 p. ;c24 cm.1 aCultura dominicana aInventariado, 2018/VM 4aPoesía dominicanay1844-1944vCOLECCIONES964280 4aLiteratura dominicanay1844-1944vCOLECCIONES9567081 aLlorens, Vicente,ecomp.913722 0aCultura dominicana91708 aValidado. Control de calidad MFF 001054708DSaGRbGRcHDd2013-04-05iLF1l0oRD861.08 A634p, 1984p37827-30r2020-06-25te.3w2020-06-25yLFDSZPréstamo en sala 0010718DSaGRbGRcHDd2013-10-17iLF1l0oRD861.08 A634p, 1984p37827-40r2020-06-25te.4w2020-06-25yLFDSZNo se presta 001054708DSaGRbGRcHDd2015-02-17iLF1l0oRD861.08 A634p, 1984p37827-50r2020-06-25te.5w2020-06-25yLFDSzPerteneció a la biblioteca personal de la familia Reyes Duluc.ZPréstamo en sala 0010718PDaPDbPDcHDd2013-03-06iLF1l0oRD861.08 A634p, 1984p37827-10r2020-06-25w2020-06-25yLFPDzPerteneció a la biblioteca personal de Germán Emilio Ornes.ZNo se presta 0010718PDaPDbPDcHDd2013-03-14iLF1l0oRD861.08 A634p, 1984p37827-20r2020-06-25te.2w2020-06-25yLFPDZNo se presta c37317d37317